000 01143cam a22003257a 4500
003 CHAP
005 20220329134407.0
008 971013s1947 r 00010 d
010 _a19868
011 _a20840
035 _a24929
040 _cCHAP
082 _a631.8
_bA53
100 0 0 _aAndrews, W. B.
_95711
245 1 4 _aThe response of crops and soils to fertilizers and manures
260 _aState College :
_bAndrews,
_c1947
300 _a459 p.
_b: ilus
590 _aBATCH-UPD
_b10
_c20130110
_lUCH01
_h1212
590 _aCONVERSION
_b10
_c20130109
_lUCH01
_h1312
650 1 4 _aFertilizantes y abonos.
_940646
901 _aBK
942 _cLIBRO
949 _a631.8 A53
_bBC
_cBPA
_d-57511
_eBPA
_h21892
_i24929
_si
949 _a631.8 A53
_bBC
_cBPA
_d-66533
_eBPA
_fc.2
_h21893
_i24929
_si
949 _a631.8 A53
_bBC
_cBPA
_d-66535
_eBPA
_fc.3
_h21894
_i24929
_si
949 _a631.8 A53
_bBC
_cBPA
_d-66536
_eBPA
_fc.4
_h21895
_i24929
_si
949 _a631.8 A53
_bBC
_cBPA
_d-66537
_eBPA
_fc.5
_h21896
_i24929
_si
949 _a631.8 A53
_bBC
_cBPA
_d-66538
_eBPA
_fc.6
_h21897
_i24929
_si
949 _a631.8 A53
_bBC
_cBPA
_d-66540
_eBPA
_fc.7
_h51490
_i24929
_mD.
_si
999 _c19868
_d19868